| 000 | 01469cab a2200217 4500 | ||
|---|---|---|---|
| 001 | ##L130921 | ||
| 008 | 050919n2005 000 0 eng u | ||
| 035 | _a(Sirsi) u130921 | ||
| 041 | 0 | _aeng | |
| 100 | 1 | _aAllen, Kate | |
| 245 | 0 | 0 | _aSlice of life |
| 260 | _c2005 | ||
| 490 | 0 |
_aInside Housing _v22(35) 2 September 2005, 21-22(5) |
|
| 520 | _aTakes a critical look at asset ownership, the agenda behind the government drive to promote affordable home ownership which has now metamorphosed into the suite of Homebuy products. Refers to the recent Institute for Public Policy Research paper (see L130861) as the first and damning examination of the policy objectives behind the asset ownership initiative. Surveys the mixed reactions by housing associations to the Homebuy programme. Outlines the private sector's interest in shared ownership. Asks the fundamental question about the asset ownership programme- who is it intended to help? The government target is people on low income but market experts see the main beneficiaries as those who cannot afford right to buy and young people with prospects starting at the bottom of the property ladder who will be able to staircase, increasing their share in their property over time. | ||
| 590 | _aIKA270905 | ||
| 650 | 2 | 4 |
_aAffordable housing _96215 |
| 650 | 2 | 4 | _aDCLG HOMEBUY |
| 651 | 4 |
_aEngland _y886- |
|
| 690 | _aPROPERTY-RESIDENTIAL PROPERTY-ACQUISITION AND DISPOSAL OF RESIDENTIAL PROPERTY | ||
| 942 | _n0 | ||
| 999 |
_c75884 _d75884 |
||